000 00335nam a22001457a 4500
008 210305b ||||| |||| 00| 0 eng d
020 _a9780801612466
041 _aeng
080 _22nd
_a616
082 _22nd
_a616
100 _a9
101 _aPAT
245 _aPathology, the mechanisms of disease
_cCawson,A.R
942 _2udc
_cBK
999 _c55870
_d55870